00249 a2200109 4500001000700000020000600007040001100013100002500024240004300049245003800092362000900130164178 a  cMagnum aLukacs, Mariza P. C.10aO fascinante mundo das borboletaslpor10aO fascinante mundo das borboletas0 a1899